Ted /

Збережено в:
Бібліографічні деталі
Автор: Murphy, Walter (musicista) (Композитор)
Інші автори: MacFarlane, Seth (Режисер), Kunis, Mila (Актор), Sulkin, Alec (Сценарист), Wild, Wellesley (Сценарист), Wahlberg, Mark (Актор)
Формат: Слайд
Мова:Італійська мова
Декілька мов
Опубліковано: [Italia] : Universal Studios, 2012
Теги: Додати тег
Немає тегів, Будьте першим, хто поставить тег для цього запису!

MARC

LEADER 00000ngm a22000007i 4500
001 IT\ICCU\RCA\0714127
003 ItRI
005 20260124182921.0
008 130213s2012 it |||||||||||||||k|||||c
024 3 1 |a 5050582884685 
028 4 2 |a 15PD0077 
028 4 2 |a 8288468 
040 |b ita 
041 7 |a ita  |a mul  |2 ISO-639-2 
130 0 |a Ted <film ; 2012>  |3 IT\ICCU\LO1\1473774 
245 0 0 |a Ted /  |c regia di Seth MacFarlane ; sceneggiatura di Seth MacFarlane, Alec Sulkin, Wellesley Wild ; music by Walter Murphy ; interpreti: Mark Wahlberg, Mila Kunis, Seth MacFarlane. 
260 |a [Italia] :  |b Universal Studios,  |c 2012 
300 |a 1 DVD-Video (circa 101 min) :  |b color., sonoro ;  |c 12 cm 
500 |a Titolo del contenitore 
500 |a Film del 2012, produzione USA - Lingue: italiano, inglese, spagnolo, polacco ; sottotitoli: italiano, inglese, spagnolo, polacco, danese, finlandese, norvegese, rumeno, svedese, lettone 
500 |a Codice area: 2; PAL; formato video 2.35:1 anamorphic widescreen; audio Dolby Digital 5.1 
500 |a Vietato ai minori di 14 anni 
700 1 |a MacFarlane, Seth  |0 IT\ICCU\LO1V\322752  |4 drt 
700 1 |a Kunis, Mila  |0 IT\ICCU\LO1V\354178  |4 act 
700 1 |a Sulkin, Alec  |0 IT\ICCU\LO1V\404141  |4 sce 
700 1 |a Wild, Wellesley  |0 IT\ICCU\LO1V\404142  |4 sce 
700 1 |a Murphy, Walter  |c  (musicista)  |0 IT\ICCU\RAVV\542842  |4 cmp 
700 1 |a Wahlberg, Mark  |0 IT\ICCU\UBOV\493525  |4 act 
942 |2 ddc  |c VM  |n 0 
952 |0 0  |1 0  |4 0  |6 VO_2160_000000000000000  |7 0  |9 28045  |a BO  |b BO  |d 2026-01-24  |i 17635  |l 0  |o VO 2160  |p BO17635  |r 2026-01-24 18:29:21  |w 2026-01-24  |x [Sebina 5] [1 dvd]  |y VM  |z 1 dvd 
981 1 |6 z01  |a b   |b xa2e  
982 1 |6 z01  |a g 
999 |c 23769  |d 23769